Building in Existing Fabric : Refurbishment, Extensions, New Design /

Saved in:
Bibliographic Details
Format: Book
Language:English
Published: Basel : Birkhäuser, 2003
Subjects:
Tags: Add Tag
No Tags, Be the first to tag this record!

MARC

LEADER 00000nam a22000003a 4500
001 stu221181
005 20240514103904.3
008 110214s2003------------------------eng-d
020 |a 3-7643-1120-7 
040 |a STU  |b slo 
041 0 |a eng 
245 |a Building in Existing Fabric :  |b Refurbishment, Extensions, New Design /  |c Ed. by Christian Schittich 
260 |a Basel :  |b Birkhäuser,  |c 2003 
300 |a 176 s 
650 7 |a architektúra rekonštrukcia  |2 stusub 
650 7 |a konverzia industriálnej architektúry  |2 stusub 
996 |b 284AU04749  |c A*7315 U  |l AAKNAR  |s A  |a 24  |w stu221181_0001